| 000 | 00860cam a2200217 4500 | ||
|---|---|---|---|
| 001 | WB3735-07 | ||
| 008 | 010920n2001 000 0 eng u | ||
| 035 | _a(Sirsi) u114661 | ||
| 245 | _aSavings with 'umbrella' policies | ||
| 260 | _c2001 | ||
| 490 |
_aContract Journal _v(6345) 19 September 2001, 1(1) |
||
| 520 | _aUmbrella insurance policies taken out on a per-project basis could have saved the construction industry £1bn last year according to the Design Build Foundation. Further, as much as 2% could be shaved off the price of a project if all parties were covered by a single policy. | ||
| 590 | _aWB | ||
| 650 | _aCONSTRUCTION INDUSTRY | ||
| 650 | _aCONSTRUCTION PROJECTS | ||
| 650 | _aINSURANCE POLICY | ||
| 650 | _aDESIGN BUILD FOUNDATION | ||
| 650 | _aPROJECT BUDGETING | ||
| 690 | _aBUILDING AND CONSTRUCTION-PROJECTS | ||
| 942 | _n0 | ||
| 999 |
_c68315 _d68315 |
||